000 00341pam a2200157a 44500
008 230515b2018 xxu||||| |||| 00| 0 eng d
020 _aNULL
041 _aENGLISH
082 _a610
100 _aNULL
245 _aTEXTBOOK OF COMMUNITY HEARTH NURSING -2
250 _a2
260 _a
_bC B S
_c2018
300 _a294
650 _aNULL
999 _c531924
_d531924